Statistics for 1989年12月29日の時価総額ランキング

Click here to take the quiz!

General Stats

  • This quiz has been taken 22 times
  • The average score is 7 of 20

Answer Stats

時価総額(億円)銘柄名% Correct
77,086トヨタ
100%
48,057松下電器産業
56%
40,112東芝
50%
229,320NTT
50%
105,499住友銀行
44%
50,376三井銀行
44%
46,418日立製作所
38%
91,642三菱銀行
38%
51,002東海銀行
38%
92,140第一勧業銀行
31%
99,884富士銀行
25%
80,925三和銀行
25%
52,629新日本製鐵
25%
81,276東京電力
19%
150,023日本興業銀行
19%
47,654関西電力
19%
65,415日本長期信用銀行
13%
40,821太陽神戸銀行
13%
67,356野村証券
13%
39,645三菱信託銀行
0%

Score Distribution

Percentile by Number Answered

Percent of People with Each Score

Your Score History

You have not taken this quiz